<?xml version="1.0" encoding="UTF-8"?>
<collection xmlns="http://www.loc.gov/MARC21/slim">
 <record>
  <leader>00590pamaa2200181   4500</leader>
  <controlfield tag="001">0000050614</controlfield>
  <controlfield tag="005">20130626090000.0</controlfield>
  <controlfield tag="008">120912s2008                        eng  </controlfield>
  <datafield tag="020" ind1="0" ind2="0">
   <subfield code="a">9781592238255 / 1592238254 </subfield>
  </datafield>
  <datafield tag="090" ind1="0" ind2="0">
   <subfield code="a">UG625 </subfield>
   <subfield code="b">AIR 2008</subfield>
  </datafield>
  <datafield tag="245" ind1="1" ind2="0">
   <subfield code="a">Air warfare from World War I to the present day  </subfield>
   <subfield code="c">general editor, Thomas Newdick.</subfield>
  </datafield>
  <datafield tag="260" ind1="0" ind2="0">
   <subfield code="a">San Diego, CA: </subfield>
   <subfield code="b">Thunder Bay Press, </subfield>
   <subfield code="c">2008.</subfield>
  </datafield>
  <datafield tag="300" ind1=" " ind2=" ">
   <subfield code="a">320 p.: </subfield>
   <subfield code="b">ill. (some col.)\c32 cm.</subfield>
  </datafield>
  <datafield tag="500" ind1="0" ind2="0">
   <subfield code="a">Includes index</subfield>
  </datafield>
  <datafield tag="501" ind1="0" ind2="0">
   <subfield code="a">Library</subfield>
  </datafield>
  <datafield tag="650" ind1="0" ind2="0">
   <subfield code="a">Air warfare -- </subfield>
   <subfield code="x">History </subfield>
  </datafield>
  <datafield tag="700" ind1="1" ind2="1">
   <subfield code="a">Newdick, </subfield>
   <subfield code="h">Thomas </subfield>
  </datafield>
  <datafield tag="901" ind1=" " ind2=" ">
   <subfield code="u">www.thunderbaybooks.com</subfield>
  </datafield>
 </record>
</collection>
